000 00613nam a2200217Ia 4500
005 20260429111941.0
008 260429s9999||||xx |||||||||||||| ||und||
020 _a9781032780924
041 _aEnglish
082 _a362.2
_bDEB
100 _aDeb, Sibnath
245 0 _aCommunity psychology :
_bemerging issues and challenges /
_cSibnath Deb
260 _aUnited Kingdom :
_bRoutledge,
_c2024.
300 _axviii, 470 p.; hb
650 _a Community psychology
650 _aSocial problems
700 _a Deb, Shayana
700 _a Sanyal, Nilanjana
700 _a Sunny, Aleena Maria
942 _cTB
999 _c51583
_d51583